000 00536nam a2200169Ia 4500
003 GCL
008 140319s9999 xx 000 0 ara d
040 _aGCL /
_cGCL
082 0 4 _a953
_bح ر
100 1 _aحسين عطوان
245 1 0 _aرواية الشاميين للحفازى والسيير فى القرنين الاول والثانى الهجريين /
_cحسين عطوان
300 _a192 ص
490 _a
650 0 4 _aالفتوحات الاسلامية
650 0 4 _aالدولة الاموية
942 _2ddc
_cBK
999 _c40962
_d40962